LEADER 01405nam a2200301 i 4500 001 000000349597 003 CaOOAMICUS 005 20220408161659.0 008 220314s2021 it u000 u ita u 020 $a978-88-6153-828-3 040 $aSeMil$bita 100 1 $aBello, Antonio,$c.$0(OLS)http://semarc/name/4578 245 13$aLa carezza di Dio :$blettera a Giuseppe /$cAntonio Bello ; prefazione del card. Marcello Semeraro ; introduzione di mons. Domenico Cornacchia. 264 1$aMolfetta (BA) :$bLa Meridiana,$c2021. 300 $a36 p. ;$c21 cm. 490 1 $aLuce e vita. Quaderni ;$v64 500 $aIn cop.: condivisione, gratuitą e servizio nella societą dell'usa e getta 541 0 $aOmaggio mons. Mario Delpini (2V I 436) 650 4$aGiuseppe - Meditazioni.$0(OLS)http://semarc/subject/29001 830 0$aLuce e vita. Quaderni ;$v64.$0(OLS)http://semarc/title/439197 850 $aSeMil 852 $aSeMil$W1$xVenegono$y1$m2V I 51$j264119$B240650$CSeMilBibl$Z2$F240650 $81 941 1 $a7 961 $aOmaggio mons. Mario Delpini 996 $6020$a978-88-6153-828-3$9(OLS)http://semarc/number/295376 996 $6245$aLa carezza di Dio :$blettera a Giuseppe$9(OLS)http://semarc/title/217209 996 $6264$aMolfetta (BA) :$bLa Meridiana$9(OLS)http://semarc/publisher/32072 LEADER 01080nam a2200253 i 4500 001 000000366163 003 CaOOAMICUS 005 20260128110807.0 008 260128s2025 it u000 u ita u 020 $a978-88-372-4091-2 040 $aSeMil$bita 100 1 $aForte, Bruno,$c.$0(OLS)http://semarc/name/3366 245 10$aEclissi e ritorno di Dio :$bteologie del 20. secolo /$cBruno Forte. 264 1$aBrescia :$bMorcelliana,$c2025. 300 $a89 p. ;$c19 cm 490 1 $aIl pellicano rosso. Nuova serie ;$v394 650 4$aTeologia - Sec. 20.$0(OLS)http://semarc/subject/55193 830 3$aIl pellicano rosso. Nuova serie ;$v394.$0(OLS)http://semarc/title/11366 850 $aSeMil 852 $aSeMil$W1$xVenegono$y1$m2LA V 394$j266727$B256931$CSeMilBibl$Z2$F256931 $81 996 $6020$a978-88-372-4091-2$9(OLS)http://semarc/number/305152 996 $6245$aEclissi e ritorno di Dio :$bteologie del 20. secolo$9(OLS)http://semarc/title/457871 996 $6264$aBrescia :$bMorcelliana$9(OLS)http://semarc/publisher/29629